000 00871nam a2200265Ia 4500
003 OSt
005 20220923224312.0
006 a|||||r|||| 00| 0
007 ta
008 220922b |||||||| |||| 00| 0 urd d
024 _a230,657
037 _cTextual
040 _aARTS
_cARTS
_burd
041 _2urd
_aurd
082 _aO168,1L97:g, 152N0
100 _aमुहम्मद मुजीब
_9156369
245 0 _aग़ालिब
246 _aग़āliba
260 _aनई दिल्ली
_b साहित्य अकादेमी
_c1991
300 _a74पृ0
_ccm.
490 _aभारतीय साहित्य के निर्माता
650 _aउर्दू साहित्य
942 _hO168,1L97:g, 152N0
_cTEXL
_2CC
999 _c370492
_d370492